Formación y orientación profesional poíesis: ciclos formativos de grado superior

Saved in:
Bibliografiske detaljer
Hovedforfatter: Rodríguez Estacio, Carlos (Author)
Format: Bog
Sprog:spansk
Udgivet: Sevilla MAD 2001
Serier:Eduforma
Fag:
Tags: Tilføj Tag
Ingen Tags, Vær først til at tagge denne postø!

MARC

LEADER 00000nam a2200000 a 4500
001 UCH3271
003 CL-VaPUC
008 090723e20010000SP |||||||||||||||||spa|d
020 |a 8466503609 
082 0 4 |a 371.425  |b ROD  |2 21 
100 0 |a Rodríguez Estacio, Carlos  |e author  |9 538576 
245 1 0 |a Formación y orientación profesional poíesis: ciclos formativos de grado superior 
300 |a 223 p 
942 |c BK 
945 |d 20090723 00:00:00  |a rbrito 
260 |a Sevilla  |b MAD  |c 2001 
650 0 |a Orientación vocacional  |9 255692 
650 0 |a Formación profesional   |9 257232 
650 7 |a ORIENTADORES  |2 CL-VaPUC  |9 407371 
650 7 |a ORIENTACION EDUCACIONAL  |2 CL-VaPUC  |9 312512 
583 |a last modification  |c 20090723 00:00:00  |k Rodrigo Vera 
490 0 |a Eduforma 
999 |c 334888  |d 334886 
952 |0 0  |1 0  |4 0  |6 371_425000000000000_ROD_2001  |7 0  |8 A  |9 424156  |a BIBEDU  |b BIBEDU  |d 2019-11-22  |i 4575407  |o 371.425 ROD 2001  |p 4575407  |r 2019-11-22  |w 2019-11-22  |y BK  |k EPE